000 nam a22 7a 4500
999 _c10626
_d10626
008 180219b ||||| |||| 00| 0 eng d
100 _aKJS Khuruna, M R
_96515
245 _aObjeve English 18 Days wonder
260 _aNew Delhi
_bS, Chand publication
_c2010